Najlepsi strzelcy Lecha Poznań - Statystyki

Ogólne statystyki
  • Ten quiz został rozwiązany 116 razy
    98 od ostatniego zresetowania
  • Średni wynik to 4 z 10
Statystyki odpowiedzi
Liczba bramek Piłkarz % Poprawnych
5. 70 bramek Mikael Ishak
93%
2. 132 bramek Piotr Reiss
87%
1. 164 bramki Teodor Anioła
73%
7. 65 bramek Christian Gytkjaer
64%
3. 90 bramek Mirosław Okoński
45%
10. 58 bramek Mirosław Trzeciak
11%
8. 59 bramek Bogusław Pachelski
9%
6. 69 bramek Czesław Szczepankiewicz
7%
4. 76 bramek Janusz Gogolewski
7%
8. 59 bramek Jan Stępczak
5%
Nie znaleziono quizów pasujących do podanych kryteriów
Rozkład punktacji
Procent ludzi z każdym wynikiem
Percentyl według liczby udzielonych odpowiedzi
Twoja historia wyników
Nie rozwiązałeś tego quizu od ostatniego zresetowania